| 000 | 00509nam a2200181 a 4500 | ||
|---|---|---|---|
| 001 | 2406 | ||
| 005 | 20140414131849.0 | ||
| 008 | 050601s19uu xx 00 eng d | ||
| 020 | _a1-85434-177-4 | ||
| 050 |
_aM 746.14 _bB87 1992 |
||
| 100 | _aBulloch, Ivan | ||
| 245 |
_aPatterns : _bhelp your child have fun with maths / _cIvan Bulloch. |
||
| 260 |
_aLondon : _bTwo-Can Pub., _c1992. |
||
| 300 | _a30 p. : ill. ; cm. | ||
| 440 | _aAction Maths | ||
| 650 |
_aMaths _xJuvenile literature. |
||
| 999 |
_c110099 _d110099 |
||